Które państwo ma najludniejszą stolicę na daną literę? - Statystyki

Ogólne statystyki
  • Ten quiz został rozwiązany 317 razy
  • Średni wynik to 12 z 23
Statystyki odpowiedzi
Litera / liczba mieszkańców Państwo % Poprawnych
C / 19 612 368 Chiny
88%
J / 13 161 751 Japonia
75%
Ł / 632 614 Łotwa
75%
R / 12 200 000 Rosja
75%
O / 646 024 Oman
74%
F / 2 243 833 Francja
72%
H / 3 215 633 Hiszpania
63%
I / 12 223 598 Iran
57%
Z / 1 831 859 Zimbabwe
56%
M / 8 918 653 Meksyk
53%
W / 8 787 892 Wielka Brytania
53%
B / 7 000 940 Bangladesz
50%
A / 5 164 418 Arabia Saudyjska
49%
N / 3 748 148 Niemcy
49%
E / 8 035 070 Egipt
47%
U / 2 933 537 Ukraina
47%
D / 9 463 749 Demokratyczna Republika Konga / Drk
45%
K / 10 442 626 Korea Południowa
44%
P / 8 258 847 Peru
40%
T / 9 617 000 Tajlandia
38%
L / 2 220 000 Libia
37%
G / 1 970 400 Ghana
31%
S / 5 607 300 Singapur
23%
Nie znaleziono quizów pasujących do podanych kryteriów
Rozkład punktacji
Procent ludzi z każdym wynikiem
Percentyl według liczby udzielonych odpowiedzi
Twoja historia wyników
Nie rozwiązałeś tego quizu